Liverpool Current Squad (24/25) - Statistics

General Stats
  • This quiz has been taken 26 times
    15 since last reset
  • The average score is 13 of 26
Answer Stats
Answer % Correct
Alisson
100%
Virgil van Dijk
77%
Luis Díaz
69%
Mohamed Salah
69%
Trent Alexander-Arnold
69%
Andrew Robertson
62%
Darwin Núñez
62%
Diogo Jota
62%
Federico Chiesa
62%
Ibrahima Konaté
62%
Alexis Mac Allister
54%
Cody Gakpo
54%
Curtis Jones
54%
Joe Gomez
54%
Wataru Endo
54%
Arne Slot
46%
Dominik Szoboszlai
46%
Jarell Quansah
46%
Vitezslav Jaros
46%
Caoimhín Kelleher
38%
Harvey Elliott
38%
Ryan Gravenberch
38%
Conor Bradley
23%
Tyler Morton
15%
Harvey Davies
8%
Konstantinos Tsimikas
8%
No matching quizzes found
Score Distribution
Percent of People with Each Score
Percentile by Number Answered
Your Score History
You have not taken this quiz since the last reset